| 000 | 00502nam a2200169Ia 4500 | ||
|---|---|---|---|
| 008 | 230917s9999||||xx |||||||||||||| ||und|| | ||
| 020 | _cRS400 | ||
| 040 |
_e213168 _aMAIN |
||
| 041 | _aEnglish | ||
| 082 | _a891.433721 GM181A | ||
| 100 | _aगर्ग, मृदुला | ||
| 245 | 0 | _aअनित्य | |
| 260 |
_aनई दिल्ली _bराजकमल प्रकाशन _c2012 |
||
| 300 | _a261 पृ. p. | ||
| 500 | _a4381 06/12/2013 13547 23/12/2013 Main Budget | ||
| 942 | _cBK | ||
| 999 |
_c34511 _d34511 |
||